000 00373nam a2200169Ia 4500
005 20250423095140.0
008 250422s9999 xx 000 0 und d
020 _a81-259-1070-0
050 _aTK 2000 .K86/
100 _aKumar, K. Murugesh
245 0 _aElectric machines
260 _aNew Delhi
260 _bVikas
260 _c2008
650 _aEE
942 _cBK
999 _c29387
_d29387